000 00687nam a2200205 i 4500
001 84064
003 ES-MaACL
005 20250415063059.0
007 t|
008 041119s1970 sp ||||1| cat d
100 0 _aIzard i Llorens, Miquel,
_d1934-2024
_965682
245 1 0 _aRevolució industrial i obrerisme
_b: les "tres classes de vapors Catalunya (1869-1913) /
_cMiguel Izard ; [traducció: Carme Vilaginés].
260 _aBarcelona :
_bAriel,
_c[1970]
300 _a156 p. ;
_c21 cm.
650 7 _9170582
_aMovimiento obrero-
_zCataluña
700 1 _aVilaginés, Carme.
_9114761
852 _aES-MaACL
_jC-44622
_bR.73051
942 _2udc
999 _c84064
_d84064